Applied readings in personnel and human resource management (Record no. 229613)

MARC details
000 -LEADER
fixed length control field 00381nam a2200145Ia 4500
008 - FIXED-LENGTH DATA ELEMENTS--GENERAL INFORMATION
fixed length control field 230917s9999||||xx |||||||||||||| ||und||
040 ## - CATALOGING SOURCE
-- 76815
Original cataloging agency VIVEKANANDA LIBRARY
041 ## - Language
-- English
082 ## - DDC NUMBER
Classification number 658.3 S81P
100 ## - MAIN ENTRY--PERSONAL NAME
Personal name Schuler, Randall S
245 #0 - TITLE STATEMENT
Title Applied readings in personnel and human resource management
260 ## - PUBLICATION, DISTRIBUTION, ETC. (IMPRINT)
Place of publication, distribution, etc St Paul
Name of publisher, distributor, etc West
Date of publication, distribution, etc 1981
300 ## - PHYSICAL DESCRIPTION
Pages x, 317 p.
942 ## - ADDED ENTRY ELEMENTS (KOHA)
Koha item type Books
Holdings
Withdrawn status Lost status Damaged status Not for loan Location (home branch) Sublocation or collection (holding branch) Shelving location Date acquired Koha issues (times borrowed) Koha full call number Accession No. Koha date last seen Koha item type
        VIVEKANANDA LIBRARY VIVEKANANDA LIBRARY IMSAR Library 28/02/2003   658.3 S81P 97702 17/09/2023 Books
© Designed and Maintained by Vivekananda Library, MDU Rohtak